Načítá se...

Quantitative tools of analysis and management

Podrobná bibliografie
Hlavní autor: Shaghil, M and Mushtaque
Médium: Printed Book
Vydáno: 1993
Témata:
LEADER 00500nam a2200157 4500
082 |a 658.4033 SHA-Q 
100 |a Shaghil, M and Mushtaque 
245 |a Quantitative tools of analysis and management  |c Shaghil, M and Mushtaque 
250
260 |c 1993 
300 |a 225 p 
490
650 |a Mathematical techniques of decision making 
942 |c BK 
999 |c 125580  |d 125580 
952 |0 0  |1 0  |4 0  |6 658_403300000000000_SHAQ  |7 0  |9 139042  |a COM  |b COM  |l 0  |o 658.4033 SHA-Q  |p COM01873  |r 2019-10-24  |w 2019-10-24  |y BK